Integrované formy rozvoja moderného CR v hlavnom meste Bratislava bakalárska práca

Guardado en:
Detalles Bibliográficos
Autor principal: Mučičková, Adriana
Autor Corporativo: Obchodná fakulta EU. Katedra marketingu
Otros Autores: Tkáčiková, Jarmila
Formato: Libro
Lenguaje:eslovaco
Publicado: Bratislava 2012
Etiquetas: Agregar Etiqueta
Sin Etiquetas, Sea el primero en etiquetar este registro!

MARC

LEADER 00000nbm a2200000 4500
001 0154600
005 20161109111854.0
041 0 |a slo 
044 |a SK 
245 1 0 |a Integrované formy rozvoja moderného CR v hlavnom meste Bratislava  |b bakalárska práca  |c Adriana Mučičková ; školiteľ: Jarmila Tkáčiková 
264 1 |a Bratislava  |c 2012 
300 |a 54 s. 
100 1 |a Mučičková, Adriana 
700 1 |a Tkáčiková, Jarmila 
710 2 |a Obchodná fakulta EU. Katedra marketingu